The gentleman and cabinet-maker's director (Record no. 113799)

MARC details
000 -LEADER
fixed length control field 02122cam a22001935a 4500
001 - CONTROL NUMBER
control field L155760
008 - FIXED-LENGTH DATA ELEMENTS--GENERAL INFORMATION
fixed length control field 120416s1762 xxk f 000 0 eng d
035 ## - SYSTEM CONTROL NUMBER
System control number (Sirsi) u155760
041 0# - LANGUAGE CODE
Language code of text/sound track or separate title eng
100 1# - MAIN ENTRY--PERSONAL NAME
Personal name Chippendale, Thomas
Dates associated with a name 1718-1779
245 04 - TITLE STATEMENT
Title The gentleman and cabinet-maker's director
Remainder of title being a large collection of the most elegant and useful designs of household furniture, in the most fashionable taste. Including a great Variety of Chairs, Sofas, Beds, and Couches; China-Tables, Dressing-Tables, Shaving-Tables, Bason-Stands, and Teakettle-Stands; Frames for Marble-Slabs, Bureau-Dressing-Tables, and Commodes; Writing-Tables, and Library-Tables; Library-Book-Cases, Organ-Cases for private Rooms, or Churches, Desks, and Book-Cases; Dressing and Writing-Tables with Book-Cases, Toilets, Cabinets, and Cloaths-Presses; China-Cases, China-Shelves, and Book-Shelves; Candle-Stands, Terms for Busts, Stands for China Jars, and Pedestals; Cisterns for Water, Lanthorns, and Chandeliers; Fire-Screens, Brackets, and Clock-Cases; Pier-Glasses, and Table-Frames; Girandoles, Chimney-Pieces, and Picture-Frames; Stove-Grates, Boarders, Frets, Chinese-Railing, and Brass-Work, for Furniture. And Other Ornaments. To which is Prefixed. A Short Explanation of the Five Orders of Architecture; with Proper Directions for executing the most difficult Pieces, the Mouldings being exhibited at large, and the Dimensions of each Design specified. The Whole comprehended in Two Hundred Copper-Plates, neatly engraved. Calculated to improve and refine the present Taste, and suited to the Fancy and Circumstances of Persons in all Degrees of Life. By Thomas Chippendale, Cabinet-Maker and Upholsterer, in St. Martin's Lane, London.
250 ## - EDITION STATEMENT
Edition statement The third edition
260 ## - PUBLICATION, DISTRIBUTION, ETC.
Place of publication, distribution, etc. London
Name of publisher, distributor, etc. printed for the author, and sold at his House, in St. Martin's Lane; also by T. Becket and P.A. de Hondt, in the Strand
Date of publication, distribution, etc. MDCCLXII. [1762]
300 ## - PHYSICAL DESCRIPTION
Extent [6], 20 p., CC plates
Dimensions 2o
583 0# - ACTION NOTE
Action Condition reviewed
Time/date of action 20120620
Status condition level 2
651 #4 - SUBJECT ADDED ENTRY--GEOGRAPHIC NAME
Geographic name Great Britain
Chronological subdivision 1707-
690 ## - LOCAL SUBJECT ADDED ENTRY--TOPICAL TERM (OCLC, RLIN)
Topical term or geographic name as entry element Conservation and restoration
942 ## - ADDED ENTRY ELEMENTS (KOHA)
Suppress in OPAC 0
Holdings
Withdrawn status Lost status Source of classification or shelving scheme Damaged status Not for loan Home library Current library Shelving location Date acquired Total Checkouts Full call number Barcode Date last seen Copy number Price effective from Koha item type
    Dewey Decimal Classification     Historic collection Historic collection Historic collection 16/04/2012   FOLIO 1762 CHIPPENDALE 30075528 06/08/2019 1 06/08/2019 Book